000 00217nam a22000857a 4500
008 170119b xxu||||| |||| 00| 0 eng d
100 _92510
_aSinha.S.
245 _aPhysics-Practical-12
260 _aNew Delhi
_bMacmillan
_c2011
999 _c5583
_d5583